| 000 | 00564nam a22001457a 4500 | ||
|---|---|---|---|
| 080 | _a351.83 Or 3 | ||
| 245 |
_aOrganizaciòn y Procedimiento de la Justicia Nacional del Trabajo: Ley 18.345 _bDecret 106/98: reglamento de la Conciliaciòn Laboral Obligatoria; Decreto nª 1169/ 96 y ademas Normas Complemantarias |
||
| 260 |
_aBuenos Aires _bDirecciòn Nacional de Registro Oficial _c1998 |
||
| 300 | _a47 P. | ||
| 650 | _xderecho laboral | ||
| 650 | _xderecho del trabajo | ||
| 650 | _xconciliación laboral obligatoria | ||
| 945 |
_acd _d2016-02-26 |
||
| 999 |
_c4248 _d234752 |
||
| 942 | _6_ | ||